000 00826nam a2200265 a 4500
008
020 _a0749914378 (pbk.)
049 _aMAIN
090 _aHD58.7
_bHAM
100 1 _aHampden-Turner, Charles.
245 1 0 _aCorporate culture :
_bhow to generate organisational strength and lasting commercial advantage /
_cCharles Hampden-Turner.
260 _aLondon :
_bPiatkus,
_c1994.
300 _a272 p. :
_bill. ;
_c24 cm.
500 _aIncludes index.
504 _aIncludes bibliographical references.
650 0 _aCorporate culture.
650 0 _aCompetition.
650 0 _aCorporate image.
650 0 _aIndustrial productivity.
907 _a.b10050772
_b14-10-11
_c17-04-03
003
005 20230123125331.0
040 _cNUST
942 _cBOOKS
_kHD58.7
_mHAM
999 _c139739
_d139739